• 首页
  • 本馆介绍
  • 公告通知
  • 最新文献
  • 馆藏检索
  • 电子资源
  • 读者导购
  • 参考咨询
  • 我的图书馆
  • 登录
  • 详细信息显示
  • 放入我的书架
  • 预约/预借图书
  • 作者相关作品
  • 分类相关作品
  • 丛书相关作品
  • 出版社相关作品

书目信息

  • 表格格式
  • 工作单格式
  • 卡片格式
题名:
当代中国宪法学家
    
 
作者: ;中国法学会 编
分册:  
出版信息: 北京   法律出版社  2015
页数: 395页
开本: 24cm
丛书名:
单 册:
中图分类: K825.19=7
科图分类:
主题词: 宪法--Xian Fa--法学家--生平事迹--中国--当代
电子资源:
ISBN: 978-7-5118-8511-1
000 00993nam0 22002411 450
001 350534
005 20161013163913.98
010    @a978-7-5118-8511-1@dCNY76.00
100    @a20151113d2015 em y0chiy50 ea
101 0  @achi
102    @aCN@b110000
105    @aa z 000yd
106    @ar
200 1  @a当代中国宪法学家@ADang Dai Zhong Guo Xian Fa Xue Jia@dThe jurists of constitutional law in contemporary China@f中国宪法学研究会编@zeng
210    @a北京@c法律出版社@d2015
215    @a395页@c照片@d24cm
330    @a本书介绍了中国当代宪法学家,包括王叔文、许崇德、吴家麟、肖蔚云、何华辉、张友渔、张光博、张庆福、龚祥瑞、蒋碧昆、廉希圣的生平、学术贡献、主要学术思想和学术观点、主要论著等。
510 1  @aJurists of constitutional law in contemporary China@zeng
606 0  @a宪法@AXian Fa@x法学家@x生平事迹@y中国@z当代
690    @aK825.19=7@v5
711 02 @a中国法学会@AZhong Guo Fa Xue Hui@b宪法学研究会@4编
801  0 @aCN@bTANGWEI@c20160804
905    @b0890515-9@dK825.19=7@e797@f5
    
    当代中国宪法学家=The jurists of constitutional law in contemporary China/中国宪法学研究会编.-北京:法律出版社,2015
    395页:照片;24cm
    
    
    ISBN 978-7-5118-8511-1:CNY76.00
    本书介绍了中国当代宪法学家,包括王叔文、许崇德、吴家麟、肖蔚云、何华辉、张友渔、张光博、张庆福、龚祥瑞、蒋碧昆、廉希圣的生平、学术贡献、主要学术思想和学术观点、主要论著等。
●
相关链接 在E读中查询图书 在五车中查询图书 在当当中查询图书 在豆瓣中查询图书


正题名:当代中国宪法学家     索取号:K825.19=7/797         预约/预借

序号 登录号 条形码 馆藏地/架位号 状态 备注
1 0890515   208905158   第二样本阅览室/ [索取号:K825.19=7/797] 在馆    
2 0890516   208905167   第二借阅区/ [索取号:K825.19=7/797] 在馆    
3 0890517   208905176   密集书库-史法系/ [索取号:K825.19=7/797] 在馆    
4 0890518   208905185   第二借阅区/ [索取号:K825.19=7/797] 在馆    
5 0890519   208905194   第二借阅区/ [索取号:K825.19=7/797] 在馆    
唐山师范学院图书馆 欢迎您!
大连网信软件有限公司© 版权所有